| 000 | 00475nam a2200145 4500 | ||
|---|---|---|---|
| 003 | OSt | ||
| 082 |
_a631.75807 _bCHE/HY |
||
| 088 | _aT 637 | ||
| 100 |
_aChetahan B. J _97199 |
||
| 245 | _aHydrological approach for conservation and management of water for sustainable rice production in kole lands of Thrissur / | ||
| 260 |
_aTavanur : _bDepartment of Soil and Water Conservation Engineering, _c2025 |
||
| 300 | _a254p. | ||
| 700 |
_aShyla Joseph, (Guide) _95732 |
||
| 942 | _cTH | ||
| 999 |
_c19423 _d19423 |
||